1648 1502 1636 1516 1731 1734 1649 1264 1623 1812 1110 1380 1032 1361 1198 1750 1592 1700 1556 1443 1812 1085 1179 1198 1899 1772 1094 1228 1003 1806 1550 1049 1808 1370 1965 1651 1990 1237 1085 1972 1445 1993 1895 1666 1812 1101 1027 1503 1900 1198 1686 1640 1586 1845 1313 1655 1559 1298 1870 1352 1436 1041 1604 1297 1417 1367 1345 1778 1885 1603 1437 1956 1906 1449 1218 1456 1254 1116 1042 1361 1910 1562 1735 1187 1962 1816 1047 1394 1025 1729 1645 1897 1682 1758 1427 1183 1847 1592 1084 BCNSPRNW ULIB Ver.6.0+V

เปลี่ยนเป็นภาษาไทย

Change to English
 แสดงรายละเอียดบรรณานุกรม
  กลับหน้าหลัก

Brief Record : Get Marc (ISO 2709) : E-mail record : QR code < ปิดหน้าต่าง
LEADER : 00000nam 2200000uu 4500
001    13399123062
003     ULIB
008    120216s2553||||th 000 0 tha d
060 04 ^aWY32^bค111พ
110 2  ^aคณะอนุกรรมการร่างข้อบังคับและระเบียบสภาการพยาบาล
245 10 ^aพระราชบัญญัติวิชาชีพการพยาบาลและการผดุงครรภ์ พ.ศ.2528และที่แก้ไขเพิ่มเติมโดยพระราชบัญญัติวิชาชีพการพยาบาลและการผดุงครรภ์ (ฉบับที่ 2) พ.ศ.2540/^cคณะอนุกรรมการร่างข้อบังคับและระเบียบสภาการพยาบาล
250    ^aพิมพ์ครั้งที่ 2
260    ^aกรุงเทพฯ :^bคณะอนุกรรมการร่างข้อบังคับและระเบียบสภาการพยาบาล,^c2553
300    ^a35 หน้า
650  4 ^aการพยาบาล^xกฎหมายและระเบียบข้อบังคับ
945    ^p15^l0^i20260
995    ^aทศพร
999    ^aใช้งานได้ทุกระบบ
รายการนี้ยังไม่มีแท็ก
คุณยังไม่ได้ล็อกอิน คุณสามารถมีกิจกรรมร่วมกับเว็บไซต์ได้ แต่ต้องล็อกอินก่อน ::
  ล็อกอิน

รายการสื่อสารสนเทศ

ลำดับที่ ประเภท เลขเรียก/บาร์โค้ด สถานที่ สถานะ
1. Book การพยาบาล
Book การพยาบาล
WY32 ค111พ ฉ.1 
  Barcode: 20260
ห้องสมุดวิทยาเขตนครสวรรค์
►ส่วนจัดเก็บหนังสือเก่า นว.
บนชั้น
  ขอยืม

BibComment


ยังไม่เคยถูกคอมเมนท์

คอมเมนท์ทรัพยากรรายการนี้
  คอมเมนท์: พระราชบัญญัติวิช..


 Copyright 2026. Bcnsprnw @Library